Propagating and planting trees (Record no. 9500)
[ view plain ]
| 000 -LEADER | |
|---|---|
| fixed length control field | 00207nam a22001097a 4500 |
| 040 ## - CATALOGING SOURCE | |
| Transcribing agency | SK |
| 082 ## - DEWEY DECIMAL CLASSIFICATION NUMBER | |
| Classification number | 635 |
| 100 ## - MAIN ENTRY--AUTHOR NAME | |
| Personal name | NA |
| 245 ## - TITLE STATEMENT | |
| Title | Propagating and planting trees |
| 260 ## - PUBLICATION, DISTRIBUTION, ETC. (IMPRINT) | |
| Place of publication | NA |
| Name of publisher | NA |
| Year of publication | 2002 |
| 942 ## - ADDED ENTRY ELEMENTS (KOHA) | |
| Koha item type | សៀវភៅភាសាអង់គ្លេស |
| 952 ## - LOCATION AND ITEM INFORMATION (KOHA) | |
| Withdrawn status [LOCAL, KOHA] | 0 |
| Permanent Location | Date acquired | Koha item type | Lost status | Shelving location | Barcode | Current Location | Full call number |
|---|---|---|---|---|---|---|---|
| Library Block C | 2016-09-02 | សៀវភៅភាសាអង់គ្លេស | C261 | A01289 | Library Block C | 635 NA 2002 C261 |